000 00376nam a2200133Ia 4500
005 20260328101527.0
008 260328s9999||||xx |||||||||||||| ||und||
100 _aHertzberger, Herman
245 0 _aSpace and Architecture :
_b Lessons in Architecture 2 /
_cHerman Hertzberger
260 _b010 Publishers
300 _a291 p.
650 _aARQUITECTURA - ELEMENTOS
942 _cBK
999 _c9809
_d9809